La logique de Leibniz (Record no. 172467)

MARC details
000 -LEADER
campo de control de longitud fija 00837nam a2200217 i 4500
001 - NÚMERO DE CONTROL
campo de control 172467
003 - IDENTIFICADOR DE NÚMERO DE CONTROL
campo de control ES-MaACL
005 - FECHA Y HORA DE LA ÚLTIMA TRANSACCIÓN
campo de control 20230906214926.0
008 - DATOS DE LONGITUD FIJA--INFORMACIÓN GENERAL
campo de control de longitud fija 090708s1969 gw |||| | fre d
080 ## - NÚMERO DE LA CLASIFICACIÓN DECIMAL UNIVERSAL
Número de la Clasificación Decimal Universal 1 Leibniz, Gottfried Wilhelm, Freiherr von
080 ## - NÚMERO DE LA CLASIFICACIÓN DECIMAL UNIVERSAL
Número de la Clasificación Decimal Universal 161/162
100 1# - ENTRADA PRINCIPAL--NOMBRE DE PERSONA
Nombre de persona Couturat, Louis.
9 (RLIN) 41332
245 10 - MENCIÓN DEL TÍTULO
Título La logique de Leibniz
Resto del título : d'après des documents inédits /
Mención de responsabilidad, etc. par Louis Couturat.
260 ## - PUBLICACIÓN, DISTRIBUCIÓN, ETC.
Lugar de publicación, distribución, etc. Hildesheim :
Nombre del editor, distribuidor, etc. Georg Olms,
Fecha de publicación, distribución, etc. 1969.
300 ## - DESCRIPCIÓN FÍSICA
Extensión XIV, 608 p. ;
Dimensiones 24 cm.
500 ## - NOTA GENERAL
Nota general "Unveränd. reprograf. Nachdr. d. Ausg. Paris 1901."
504 ## - NOTA DE BIBLIOGRAFÍA, ETC.
Nota de bibliografía, etc. Incluye referencias bibliográficas e índices.
600 14 - PUNTO DE ACCESO ADICIONAL DE MATERIA--NOMBRE DE PERSONA
Nombre de persona Leibniz, Gottfried Wilhelm
Títulos y otros términos asociados al nombre Freiherr von-
Subdivisión general Crítica e interpretación.
9 (RLIN) 71369
650 #4 - PUNTO DE ACCESO ADICIONAL DE MATERIA--TÉRMINO DE MATERIA
Término de materia o nombre geográfico como elemento de entrada Lógica.
9 (RLIN) 14693
852 ## - LOCALIZACIÓN
Ubicación ES-MaACL
Número de control de estantería E-12778
itemnumber R.139411
Nota libre .- Biblioteca Jacinto Martínez Lacalle
Holdings
Estatus retirado Estado de pérdida Estado de daño No para préstamo Biblioteca de origen Biblioteca actual Ubicación en estantería Fecha de adquisición Fuente de adquisición Total de préstamos Signatura topográfica completa Código de barras Visto por última vez Precio de reemplazo Tipo de ítem Koha
        Biblioteca del Ateneo de Madrid Biblioteca del Ateneo de Madrid Depósito 2 08/07/2009     E-12778 1180993 23/02/2023 23/02/2023 Libro impreso